000 00252nam a2200109Ia 4500
008 220204s9999 xx 000 0 und d
082 _a82-3
_bKAS
100 _aKastle, Herbert
245 0 _aMillionaires
260 _aLondon
_bGranada
_c1976
942 _cBK
999 _c29352
_d29352